Filmquiz: Deutsche Übersetzung von englischen Titeln - Statistiken

Allgemein
  • Dieses Quiz wurde 59 mal gespielt
    49 seit der letzten Aktualisierung
  • Das Durchschnittsergebnis liegt bei 9 aus 30
Antwortstatistiken
Jahr Englischer Titel Deutscher Titel % Korrekt
2013 Frozen Die Eiskönigin – Völlig unverfroren
87%
2003 Pirates of the Caribbean: The Curse of the Black Pearl Fluch der Karibik
87%
2016 Moana Vaiana
76%
2016 Zootopia Zoomania
73%
1988 Die Hard Stirb langsam
64%
2015 Inside Out Alles steht Kopf
60%
1975 Jaws Der weiße Hai
60%
2010 Tangled Rapunzel – Neu verföhnt
60%
1993 Groundhog Day Und täglich grüßt das Murmeltier
38%
1994 The Shawshank Redemption Die Verurteilten
36%
1957 12 Angry Men Die zwölf Geschworenen
29%
1955 Lady and the Tramp Susi und Strolch
29%
1954 Rear Window Das Fenster zum Hof
22%
2000 Miss Congeniality Miss Undercover
22%
1968 Once Upon a Time in the West Spiel mir das Lied vom Tod
22%
1966 The Good, the Bad and the Ugly Zwei glorreiche Halunken
22%
2008 Taken 96 Hours
18%
1954 Dial M for Murder Bei Anruf Mord
16%
2014 Captain America: The Winter Soldier The Return of the First Avenger
16%
1988 Coming to America Der Prinz aus Zamunda
13%
2000 Meet the Parents Meine Braut, ihr Vater und ich
13%
1977 Annie Hall Der Stadtneurotiker
11%
1959 North by Northwest Der unsichtbare Dritte
11%
1960 Ocean’s 11 Frankie und seine Spießgesellen
11%
1955 To Catch a Thief Über den Dächern von Nizza
11%
1973 The Sting Der Clou
9%
1989 Weekend at Bernie’s Immer Ärger mit Bernie
9%
1997 The Man Who Knew Too Little Agent Null Null Nix
7%
1955 Rebel Without a Cause …denn sie wissen nicht, was sie tun
7%
1997 Liar Liar Der Dummschwätzer
4%
Keine übereinstimmenden Quizze gefunden
Verteilung der Resultate
Anzahl Personen mit jedem Resultat
Perzentil nach korrekt beantworteten Fragen
Ihre Resultats-Entwicklung
Sie haben dieses Quiz seit der letzten Aktualisierung nicht gespielt